000 00827nam a2200205 a 4500
001 000041624
005 20201002035655.0
008 130918s1990 sp 001 0 spa d
020 _a8400070917
040 _aDO-SdBNP
_bspa
_cBNPHU
100 1 _aRieu-Millan, Marie Laure.
_968406
245 1 0 _aLos diputados americanos en las cortes de Cádiz :
_b(igualdad o independencia) /
_cMarie Laure Rieu-Millan.
260 _aMadrid :
_bConsejo Superior de Investigaciones Científicas,
_c1990.
300 _a498 p. : ;
_c25 cm.
490 1 _aBiblioteca de historia de América
_c3
504 _aBibliografía : p. [411]-427
504 _aIncluye referencias bibliográficas y notas al pie de las páginas
710 2 _aConsejo Superior de Investigaciones Científicas
_94786
830 0 _aBiblioteca de historia de América
_v3
_966078
999 _c41114
_d41114